000 00791nam a2200253Ia 4500
003 OSt
005 20220923212421.0
006 a|||||r|||| 00| 0
007 ta
008 220922b |||||||| |||| 00| 0 hin d
024 _a152,775
037 _cTextual
040 _aARTS
_cARTS
_bhin
041 _2hin
_ahin
082 _aO123,3J47,1, 152K4
100 _aसरवान्तीस
245 0 _aडानक्विग्लोट
246 _aḌānakvigloṭa
260 _aनई दिल्ली
_b साहित्य अकादेमी
_c1964
300 _a506 पृ.
_ccm.
650 _aहिन्दी साहित्य
_9156264
942 _hO123,3J47,1, 152K4
_cTEXL
_2CC
999 _c308424
_d308424